<?xml version="1.0" encoding="UTF-8"?>
<record
    xmlns:xsi="http://www.w3.org/2001/XMLSchema-instance"
    xsi:schemaLocation="http://www.loc.gov/MARC21/slim http://www.loc.gov/standards/marcxml/schema/MARC21slim.xsd"
    xmlns="http://www.loc.gov/MARC21/slim">

  <leader>01002nam a22001457a 4500</leader>
  <controlfield tag="005">20250203183951.0</controlfield>
  <controlfield tag="008">250203b        |||||||| |||| 00| 0 spa d</controlfield>
  <datafield tag="082" ind1=" " ind2=" ">
    <subfield code="a">RD 364.1524</subfield>
    <subfield code="b">U54c</subfield>
  </datafield>
  <datafield tag="100" ind1=" " ind2=" ">
    <subfield code="a">Dios Unanue, Manuel de,</subfield>
    <subfield code="b">1943-1992</subfield>
    <subfield code="c">autor</subfield>
  </datafield>
  <datafield tag="245" ind1=" " ind2=" ">
    <subfield code="a">El caso Galindez :</subfield>
    <subfield code="b">	los vascos en los servicios de inteligencia de EE.UU. /</subfield>
    <subfield code="c">Manuel de Dios Unanue</subfield>
  </datafield>
  <datafield tag="260" ind1=" " ind2=" ">
    <subfield code="8">New York :</subfield>
    <subfield code="a">Editorial Cupre,</subfield>
    <subfield code="c">1982</subfield>
  </datafield>
  <datafield tag="300" ind1=" " ind2=" ">
    <subfield code="a">170 p&#xE1;ginas :</subfield>
    <subfield code="b">	24 x 17 cm</subfield>
  </datafield>
  <datafield tag="500" ind1=" " ind2=" ">
    <subfield code="3">Datos de la obra y el autor en la cubierta y contraportada</subfield>
    <subfield code="5">1. &#xBF;D&#xF3;nde est&#xE1; el profesor? |&lt;br/&gt;2. &#xBF;Qui&#xE9;n era Galindez ? |&lt;br/&gt;3. Rojas: informante confidencial NY-507S |&lt;br/&gt;4. Con la venia de Aguirre |&lt;br/&gt;5. Operaci&#xF3;n despiste |&lt;br/&gt;6. La sangre no se borra |&lt;br/&gt;7. Un joven piloto |&lt;br/&gt;8. Comando de encubrimiento |&lt;br/&gt;9. C-18 Beechecraft-N68100 |&lt;br/&gt;10. Esp&#xED;as y mercenarios |&lt;br/&gt;11. El fin de la Era |&lt;br/&gt;12. Balaguer: mu&#xF1;equito de papel |&lt;br/&gt;13. La farsa continua |&lt;br/&gt;Anexos (documentos y pruebas )</subfield>
  </datafield>
  <datafield tag="942" ind1=" " ind2=" ">
    <subfield code="2">ddc</subfield>
    <subfield code="m">Libro</subfield>
  </datafield>
  <datafield tag="999" ind1=" " ind2=" ">
    <subfield code="c">8048</subfield>
    <subfield code="d">8048</subfield>
  </datafield>
  <datafield tag="952" ind1=" " ind2=" ">
    <subfield code="0">1</subfield>
    <subfield code="1">2</subfield>
    <subfield code="2">ddc</subfield>
    <subfield code="4">1</subfield>
    <subfield code="5">1</subfield>
    <subfield code="7">4</subfield>
    <subfield code="8">CG</subfield>
    <subfield code="9">14188</subfield>
    <subfield code="a">BANCWL</subfield>
    <subfield code="b">BANCWL</subfield>
    <subfield code="c">GEN</subfield>
    <subfield code="d">2025-02-03</subfield>
    <subfield code="h">	RD 364.1524 U54c</subfield>
    <subfield code="i">00455</subfield>
    <subfield code="l">0</subfield>
    <subfield code="r">2025-02-03 18:44:18</subfield>
    <subfield code="t">2ej</subfield>
    <subfield code="w">2025-02-03</subfield>
    <subfield code="y">BK</subfield>
  </datafield>
</record>
